All Countries by Size - Statistics

General Stats
  • This quiz has been taken 78 times
  • The average score is 84 of 196
Answer Stats
Rank Starting Letter Answer % Correct
1 R Russia
100%
2 C Canada
95%
5 B Brazil
93%
3 C China
93%
4 U United States
93%
6 A Australia
91%
7 I India
89%
9 K Kazakhstan
89%
11 D Democratic Republic of the Congo
88%
8 A Argentina
86%
10 A Algeria
84%
14 I Indonesia
79%
17 I Iran
74%
13 M Mexico
74%
15 S Sudan
74%
12 S Saudi Arabia
72%
16 L Libya
70%
21 N Niger
70%
19 P Peru
70%
22 A Angola
68%
20 C Chad
68%
23 M Mali
68%
38 Z Zambia
68%
18 M Mongolia
67%
32 V Venezuela
67%
25 C Colombia
65%
29 E Egypt
63%
31 N Nigeria
63%
49 Y Yemen
63%
26 E Ethiopia
61%
24 S South Africa
61%
34 N Namibia
60%
42 F France
58%
62 J Japan
58%
28 M Mauritania
58%
33 P Pakistan
58%
30 T Tanzania
58%
36 T Turkey
58%
60 Z Zimbabwe
58%
48 K Kenya
56%
45 U Ukraine
56%
27 B Bolivia
54%
35 M Mozambique
54%
37 C Chile
53%
65 F Finland
53%
63 G Germany
53%
58 I Iraq
51%
195 M Monaco
51%
43 S Somalia
51%
41 S South Sudan
51%
56 U Uzbekistan
51%
196 V/H Vatican City
51%
40 A Afghanistan
49%
47 B Botswana
49%
191 L Liechtenstein
49%
39 M Myanmar
49%
194 N Nauru
49%
70 O Oman
49%
51 S Spain
49%
50 T Thailand
49%
193 T Tuvalu
49%
66 V Vietnam
49%
44 C Central African Republic
47%
55 S Sweden
47%
78 U United Kingdom
47%
61 N Norway
46%
52 T Turkmenistan
46%
110 J Jordan
44%
173 K Kiribati
44%
181 P Palau
44%
59 P Paraguay
44%
159 Q Qatar
44%
192 S San Marino
44%
79 U Uganda
44%
158 V Vanuatu
44%
53 C Cameroon
42%
175 D Dominica
42%
161 J Jamaica
42%
190 M Marshall Islands
42%
183 A Antigua and Barbuda
40%
184 B Barbados
40%
101 H Honduras
40%
71 I Italy
40%
57 M Morocco
40%
69 P Poland
40%
185 S Saint Vincent and the Grenadines
40%
176 T Tonga
40%
180 A Andorra
39%
152 F Fiji
39%
186 G Grenada
39%
144 H Haiti
39%
108 H Hungary
39%
68 I Ivory Coast
39%
169 L Luxembourg
39%
46 M Madagascar
39%
188 M Maldives
39%
54 P Papua New Guinea
39%
72 P Philippines
39%
189 S Saint Kitts and Nevis
39%
89 U Uruguay
39%
147 D Djibouti
37%
80 G Ghana
37%
179 S Saint Lucia
37%
174 B Bahrain
35%
76 G Gabon
35%
118 I Ireland
35%
162 K Kosovo
35%
82 L Laos
35%
67 M Malaysia
35%
187 M Malta
35%
178 M Micronesia
35%
81 R Romania
35%
182 S Seychelles
35%
155 E/T Timor-Leste
35%
171 C Comoros
33%
77 G Guinea
33%
83 G Guyana
33%
106 I Iceland
33%
153 K Kuwait
33%
122 L Latvia
33%
121 L Lithuania
33%
131 N Netherlands
33%
109 P Portugal
33%
145 R Rwanda
33%
177 S Singapore
33%
114 U United Arab Emirates
33%
113 A Austria
32%
165 B Brunei
32%
74 B Burkina Faso
32%
167 C Cape Verde
32%
130 D Denmark
32%
73 E Ecuador
32%
97 E Eritrea
32%
150 I Israel
32%
163 L Lebanon
32%
102 L Liberia
32%
75 N New Zealand
32%
98 N North Korea
32%
94 T Tajikistan
32%
112 A Azerbaijan
30%
156 B Bahamas
30%
84 B Belarus
30%
125 B Bosnia and Herzegovina
30%
88 C Cambodia
30%
104 C Cuba
30%
128 D Dominican Republic
30%
149 E El Salvador
30%
129 E Estonia
30%
154 E Eswatini
30%
160 G Gambia
30%
111 S Serbia
30%
107 S South Korea
30%
90 S Suriname
30%
87 S Syria
30%
92 B Bangladesh
28%
137 B Belgium
28%
100 B Benin
28%
115 C Czech Republic
28%
95 G Greece
28%
105 G Guatemala
28%
138 L Lesotho
28%
170 M Mauritius
28%
93 N Nepal
28%
96 N Nicaragua
28%
168 S Samoa
28%
172 S São Tomé and Príncipe
28%
86 S Senegal
28%
127 S Slovakia
28%
140 S Solomon Islands
28%
166 T Trinidad and Tobago
28%
148 B Belize
26%
103 B Bulgaria
26%
64 C Congo
26%
124 C Croatia
26%
142 E Equatorial Guinea
26%
85 K Kyrgyzstan
26%
116 P Panama
26%
123 T Togo
26%
91 T Tunisia
26%
141 A Albania
25%
139 A Armenia
25%
143 B Burundi
25%
135 G Guinea-Bissau
25%
99 M Malawi
25%
157 M Montenegro
25%
146 N North Macedonia
25%
151 S Slovenia
25%
132 S Switzerland
25%
134 T Taiwan
25%
133 B Bhutan
23%
126 C Costa Rica
23%
164 C Cyprus
23%
119 G Georgia
23%
136 M Moldova
23%
117 S Sierra Leone
23%
120 S Sri Lanka
21%
No matching quizzes found
Score Distribution
Percent of People with Each Score
Percentile by Number Answered
Your Score History
You have not taken this quiz